000 00884nam a2200253Ia 4500
003 OSt
005 20221005112914.0
006 a|||||r|||| 00| 0
007 ta
008 221004b |||||||| |||| 00| 0 rus d
020 _a9788175991828 (pbk)
_c625
024 _a17091
037 _b907, 11/03/2015, H.K. Prakashan
_cTextual
040 _aCRL
_cCRL
_brus
041 _2rus
_arus
082 _aO142,3M60x, 153Q0
100 _aਸਿੰਘ, ਕਰਨਜੀਤ
245 0 _aਅਨਤੋਨ ਚੈ॥ੋਵ ਦੀਆਂ ਕਹਾਣੀਆਂ
260 _aਦਿੱਲੀ
_bਨਵਯੁਗ ਪਬਲਿFਰਗ਼ ਭਾਰਤ
_c2010
300 _a179ਪੰ
_ccm.
650 _aਰਾFੀਅਨ ਸਾਹਿਤ
942 _hO142,3M60x, 153Q0
_cTEXL
_2cc
999 _c1026380
_d1026380